Petjades i testimonis de l'ocupació humana /
Descripción Física:
58 pàgines : il·lustracions ; 21 cm
Materias:
Parc de la Serralada de Marina (Catalunya) -- Guies
; Parc de la Serralada de Marina (Catalunya) -- Circuits turístics
; Excursionisme -- Parc de la Serralada de Marina
Idioma:
Catalán
MARC
| LEADER | 00000nam a2200000Ia 4500 | ||
|---|---|---|---|
| 001 | 26156 | ||
| 008 | 220704b spa||||| |||| 00| 0 cat d | ||
| 017 | |a DL B 26156-2018 | ||
| 080 | |a Bib-770 | ||
| 110 | 1 | |9 10205 |a Parc de la Serralada de Marina (Catalunya) | |
| 245 | 1 | 3 | |a Petjades i testimonis de l'ocupació humana / |c Parc de la Serralada de Marina |
| 260 | |a Barcelona : |b Diputació de Barcelona. Xarxa de Parcs Naturals, |c 2018 | ||
| 300 | |a 58 pàgines : |c il·lustracions ; |b 21 cm | ||
| 610 | 1 | 0 | |a Parc de la Serralada de Marina (Catalunya) |v Guies |9 52709 |
| 610 | 1 | 0 | |a Parc de la Serralada de Marina (Catalunya) |9 52720 |x Circuits turístics |
| 650 | 0 | |2 Arxiu |9 46572 |a Excursionisme |x Parc de la Serralada de Marina | |
| 710 | 1 | |a Barcelona (Catalunya : Província). |b Xarxa de Parcs Naturals |9 7250 | |
| 710 | 1 | |a Barcelona (Catalunya : Província). |b Gerència de Serveis d’Espais Naturals |9 52730 | |
| 901 | |a Arxiu | ||
| 942 | |n 1 |2 udc |c ARXIU | ||
| 952 | |0 0 |1 0 |4 0 |6 BIB770 |7 1 |9 62644 |a Arxiu |b Arxiu |d 2022-07-04 |l 0 |o Bib-770 |p 26156 |r 2022-07-04 00:00:00 |w 2022-07-04 |y ARXIU | ||
| 999 | |c 82197 |d 82197 | ||